000 00325nam a2200121Ia 4500
008 220204s9999 xx 000 0 und d
082 _a681.31(038)INT
_bPFA
100 _aPfaffenberger, B
245 0 _aQue's computer & internet dictionary
250 _aEd.6
260 _aNew Delhi
_bPrentie-Hall of India
_c1998
942 _cBK
999 _c41394
_d41394